Zakoncentrovanie čpavkovej vody v destilačnej kolóne

Enregistré dans:
Détails bibliographiques
Auteur principal: Compeľová, Kristína (Auteur)
Autres auteurs: Labovská, Zuzana (Directeur de thèse)
Format: Manuscrit Livre
Langue:slovaque
Publié: 2019
Sujets:
Accès en ligne:http://is.stuba.sk/zp/portal_zp.pl?podrobnosti=127200
Tags: Ajouter un tag
Pas de tags, Soyez le premier à ajouter un tag!

MARC

LEADER 00000ntm a22000003a 4500
001 stuzp75057
003 SK-STU
005 20190622212848.6
007 ta
008 150427s2015----xo-----f-mn---000-0-slo-d
040 |a STU  |b slo 
041 0 |a slo 
100 1 |a Compeľová, Kristína  |u 046230  |4 aut  |U FCHPT Ústav chemického a environmentálneho inžinierstva  |T FCHPT Oddelenie chemického a biochemického inžinierstva  |X 82072  |U C6230  |Y 119  |7 82072 
242 0 1 |a Concentrating Ammonia Water in a Distillation Column  |y eng 
245 1 0 |a Zakoncentrovanie čpavkovej vody v destilačnej kolóne 
260 |c 2019 
650 4 |a destilačná kolóna  |2 slo 
650 4 |a čpavková voda  |2 slo 
650 4 |a optimalizácia  |2 slo 
650 4 |a matematické modelovanie  |2 slo 
650 4 |a distillation column  |2 eng 
650 4 |a ammonia water  |2 eng 
650 4 |a optimization  |2 eng 
650 4 |a mathematical modelling  |2 eng 
700 1 |a Labovská, Zuzana  |u 046230  |k Z1  |4 ths  |U FCHPT Ústav chemického a environmentálneho inžinierstva  |T FCHPT Oddelenie chemického a biochemického inžinierstva  |X 10276  |U C6230  |Y 119  |7 A000010276 
856 4 |u http://is.stuba.sk/zp/portal_zp.pl?podrobnosti=127200